书目信息 |
| 题名: |
新闻学论集
|
|
| 作者: | ;中国人民大学新闻系《新闻学论集》编辑组 编 | |
| 分册: | 第二辑 | |
| 出版信息: | 北京 中国人民大学出版社 1981.02 |
|
| 页数: | 230页 | |
| 开本: | 20cm | |
| 丛书名: | ||
| 单 册: | ||
| 中图分类: | G21 | |
| 科图分类: | ||
| 主题词: | 新闻学 , 新闻工作 | |
| 电子资源: | ||
| ISBN: | ||
| 000 | 00649nam0 2200205 45 | |
| 001 | 0207030899 | |
| 005 | 20060718170152.34 | |
| 010 | @dCNY0.76 | |
| 091 | @a7011.83 | |
| 100 | @a20020703d1981 km y0chiy0120 ea | |
| 101 | 0 | @achi |
| 200 | 1 | @a新闻学论集@AXin Wen Xue Lun Ji@h第二辑@f中国人民大学新闻系《新闻学论集》编辑组编@FZhong Guo Ren Min Da Xue Xin Wen Xi《Xin Wen Xue Lun Ji》Bian Ji Zu Bian |
| 210 | @a北京@c中国人民大学出版社@d1981.02 | |
| 215 | @a230页@d20cm | |
| 606 | 0 | @a新闻学 |
| 606 | 0 | @a新闻工作 |
| 690 | @aG21@v3 | |
| 711 | 02 | @a中国人民大学新闻系《新闻学论集》编辑组@4编 |
| 801 | @aCN@bTSTC@c20060718 | |
| 905 | @dG21@e1:2@f1@b41821 | |
| 新闻学论集.第二辑/中国人民大学新闻系《新闻学论集》编辑组编.-北京:中国人民大学出版社,1981.02 |
| 230页;20cm |
| ISBN :CNY0.76 |
| ● |
| 相关链接 |
|
|
|
|
正题名:新闻学论集
索取号:G21/1:2
 
预约/预借
| 序号 | 登录号 | 条形码 | 馆藏地/架位号 | 状态 | 备注 |
| 1 | 0041821 | 000494334 | 密集书库/ [索取号:G21/1:2] | 在馆 | |
| 2 | 0041822 | 001828972 | 密集书库/ [索取号:G21/1:2] | 在馆 | |
| 3 | 0041823 | 000494343 | 第一样本阅览室/ [索取号:G21/1:2] | 在馆 | |
| 4 | 0424496 | 204244969 | 密集书库/ [索取号:G21/1:2] | 在馆 |